00748cam a2200181 a 450000100100000000500170001000800410002704000420006808200190011010000370012924501190016626000630028530000210034850400510036965000470042065000480046765100510051500001263020200929163041.0771005s1968 ve b 000 0 spa  aDO-SdBNPbspacTNJdOCoLCdDLCdBNPHU a342.803bB847p1 aBrewer Carías, Allan-Randolph.14aLos problemas constitucionales de la integración económica latinoamericana. /cAllan-Randolph Brewer Carías. aCaracas, (Venezuela) :bBanco Central de Venezuela,c1968. a131 p. ;c19 cm. aNotas bibliográficas al pie de las páginas 4aDerecho de integraciónzAmérica Latina 4aIntegración económicazAmérica Latina 4aAmérica LatinaxPolítica Y Gobiernoy1948-